Southville International School and Colleges
Your cart is empty.
  • Cart
  • Lists
    Public lists Eva Luna New books Lux_list list_1
    Your lists Log in to create your own lists
  • Log in to your account
  • Your cookies
  • Search history
Southville International School and Colleges
  • Advanced search
  • Recent comments
  • Most popular
  • Libraries

Log in to your account

Log in with GOOGLE


If you do not have an external account, but do have a local account, you can still log in:

  1. Home
  2. MARC view: How does a flower grow?.
Normal view MARC view ISBD view

How does a flower grow?. (Record no. 115127)

[ view plain ]
MARC details
000 -LEADER
fixed length control field 00408nam a2200157 a 4500
005 - DATE AND TIME OF LATEST TRANSACTION
control field 20140414132123.0
008 - FIXED-LENGTH DATA ELEMENTS--GENERAL INFORMATION
fixed length control field 131216s19uu xx 00 eng d
020 ## - INTERNATIONAL STANDARD BOOK NUMBER
International Standard Book Number 97807572623561
050 ## - LIBRARY OF CONGRESS CALL NUMBER
Classification number TR
Item number How847 2012
100 ## - MAIN ENTRY--PERSONAL NAME
Personal name Rooney, Louise
245 ## - TITLE STATEMENT
Title How does a flower grow?.
260 ## - PUBLICATION, DISTRIBUTION, ETC. (IMPRINT)
Place of publication, distribution, etc London :
Name of publisher, distributor, etc Alligators Books Limited,
Date of publication, distribution, etc c2012.
300 ## - PHYSICAL DESCRIPTION
Extent 10
650 ## - SUBJECT ADDED ENTRY--TOPICAL TERM
Topical term or geographic name as entry element Flower-
General subdivision fiction
Holdings
Withdrawn status Lost status Damaged status Use restrictions Home library Current library Shelving location Date acquired Source of acquisition Cost, normal purchase price Total Checkouts Full call number Barcode Date last seen Price effective from Koha item type
        Munich Library Munich Library Teachers Reference Section 12/16/2013   85.00   TR How847 2012 M7129 04/14/2014 04/14/2014 Books

How does a flower grow?.

APA

Rooney L., . (2012). How does a flower grow?. London: Alligators Books Limited.

Chicago

Rooney Louise, . 2012. How does a flower grow?. London: Alligators Books Limited.

Harvard

Rooney L., . (2012). How does a flower grow?. London: Alligators Books Limited.

MLA

Rooney Louise, . How does a flower grow?. London: Alligators Books Limited. 2012.

  • Place hold
  • Print
  • Cite
  • Add to your cart (remove)
  • Save record
    BIBTEX Dublin Core MARCXML MARC (non-Unicode/MARC-8) MARC (Unicode/UTF-8) MARC (Unicode/UTF-8, Standard) MODS (XML) RIS
  • More searches
    Search for this title in:
    Other Libraries (WorldCat) Other Databases (Google Scholar) Online Stores (Bookfinder.com) Open Library (openlibrary.org)

Exporting to Dublin Core...

SOUTHVILLE LIBRARY

Southville International School and Colleges Library

1281 Tropical Ave. Cor. Luxembourg St., BF Homes International, Las Pinas City

Tel. No. 8256374 / 252358 Loc. 117/146

Powered by Koha